Communication as Culture (Record no. 349634)
[ view plain ]
| 000 -LEADER | |
|---|---|
| fixed length control field | 00502nam a22001937a 4500 |
| 003 - CONTROL NUMBER IDENTIFIER | |
| control field | OSt |
| 005 - DATE AND TIME OF LATEST TRANSACTION | |
| control field | 20180116182954.0 |
| 008 - FIXED-LENGTH DATA ELEMENTS--GENERAL INFORMATION | |
| fixed length control field | 140401b xxu||||| |||| 00| 0 eng d |
| 020 ## - INTERNATIONAL STANDARD BOOK NUMBER | |
| International Standard Book Number | 9780415989756 |
| 022 ## - INTERNATIONAL STANDARD SERIAL NUMBER | |
| International Standard Serial Number | 0415989752 |
| 040 ## - CATALOGING SOURCE | |
| Transcribing agency | 0 |
| 082 ## - DEWEY DECIMAL CLASSIFICATION NUMBER | |
| Classification number | 302.23 CAR 2008 |
| 100 ## - MAIN ENTRY--PERSONAL NAME | |
| Personal name | Carey 'James W. |
| 245 ## - TITLE STATEMENT | |
| Title | Communication as Culture |
| Remainder of title | Essays on Media and Society. |
| 260 ## - PUBLICATION, DISTRIBUTION, ETC. | |
| Place of publication, distribution, etc. | New York |
| Name of publisher, distributor, etc. | Routledge |
| Date of publication, distribution, etc. | 2008 |
| 500 ## - GENERAL NOTE | |
| General note | Hard Cover |
| 700 ## - ADDED ENTRY--PERSONAL NAME | |
| Relator code | Carey 'James W. |
| 942 ## - ADDED ENTRY ELEMENTS (KOHA) | |
| Source of classification or shelving scheme | |
| Koha item type | Book |
| Call number prefix | 302.23 CAR |
| Withdrawn status | Lost status | Source of classification or shelving scheme | Damaged status | Not for loan | Collection code | Permanent Location | Current Location | Shelving location | Date acquired | Total Checkouts | Full call number | Barcode | Date last seen | Price effective from | Koha item type |
|---|---|---|---|---|---|---|---|---|---|---|---|---|---|---|---|
| Central Library (CL) | Central Library (CL) | General Stacks | 04/01/2014 | 302.23 CAR | NBSPS-105 | 06/17/2016 | 04/01/2014 | Book | |||||||
| Central Library (CL) | Central Library (CL) | General Stacks | 04/01/2014 | 302.23 CAR | NBSPS-106 | 04/01/2014 | 04/01/2014 | Book |
